1988 1133 1069 1908 1488 1552 1925 1555 1048 1624 1396 1496 1573 1213 1180 1252 1637 1789 1449 1154 1431 1461 1766 1432 1294 1598 1491 1854 1021 1516 1117 1369 1153 1461 1855 1540 1321 1641 1017 1902 1129 1001 1593 1684 1922 1816 1968 1793 1343 1724 1870 1484 1266 1278 1197 1595 1680 1948 1452 1888 1831 1412 1889 1919 1459 1431 1908 1519 1039 1457 1978 1564 1649 1931 1142 1474 1522 1771 1091 1644 1333 1879 1990 1414 1195 1266 1923 1831 1342 1672 1580 1458 1031 1514 1919 1673 1234 1492 1949 BCNSPRNW ULIB Ver.6.0+V

เปลี่ยนเป็นภาษาไทย

Change to English
 แสดงรายละเอียดบรรณานุกรม
  กลับหน้าหลัก

Brief Record : Get Marc (ISO 2709) : E-mail record : QR code < ปิดหน้าต่าง
LEADER : 00000nam 2200000uu 4500
001    13399113799
003     ULIB
008    120105s2549||||th 000 0 tha d
020    ^a9789749869635
050 04 ^aA^bน624W 2549
100 0  ^aนิภาพัชร์ ปิ่นสุวรรณ
245 10 ^aWhere? รู้รอบสถานที่มหัศจรรย์ของโลก /^cนิภาพัชร์ ปิ่นสุวรรณ
250    ^aพิมพ์ครั้งที่ 1
260    ^aกรุงเทพฯ :^bอักษรเจริญทัศน์,^c2549
300    ^a191 หน้า :^bภาพประกอบ
440  0 ^aหนังสือเสริมการเรียนรู้ ชุด สรรพ์สาระของโลก
650  7 ^aโลก^xภูมิประเทศและการท่องเที่ยว
650  7 ^aความรู้ทั่วไป
945    ^p170^l0^i24860
995    ^aกัณชพร
999    ^aใช้งานได้ทุกระบบ
รายการนี้ยังไม่มีแท็ก
คุณยังไม่ได้ล็อกอิน คุณสามารถมีกิจกรรมร่วมกับเว็บไซต์ได้ แต่ต้องล็อกอินก่อน ::
  ล็อกอิน

รายการสื่อสารสนเทศ

ลำดับที่ ประเภท เลขเรียก/บาร์โค้ด สถานที่ สถานะ
- ไม่พบข้อมูล -

รายการใกล้เคียง
    ผู้แต่ง [นิภาพัชร์ ปิ่นสุวรรณ]

    หัวเรื่อง [ความรู้ทั่วไป]

BibComment


ยังไม่เคยถูกคอมเมนท์

คอมเมนท์ทรัพยากรรายการนี้
  คอมเมนท์: Where รู้รอบสถาน..


 Copyright 2026. Bcnsprnw @Library